El destino del universo: después del Big Bang
Gespeichert in:
| 1. Verfasser: | |
|---|---|
| Format: | Buch |
| Sprache: | Spanisch |
| Veröffentlicht: |
Barcelona
Blume
2011
|
| Schriftenreihe: | Descubrir la Ciencia y la Tecnología. Biblioteca Ilustrada, 4
|
| Schlagworte: | |
| Tags: |
Tag hinzufügen
Keine Tags, Fügen Sie den ersten Tag hinzu!
|
MARC
| LEADER | 00000cam a2200000 a 4500 | ||
|---|---|---|---|
| 001 | UCF6962 | ||
| 003 | CL-VaPUC | ||
| 008 | 130530e20110000SP |||||||||||||||||spa|d | ||
| 020 | |a 9788480769266 | ||
| 082 | 0 | 4 | |a 523.112 |b XUA |2 21 |
| 100 | 0 | |a Xuan Thuan, Trinh |e author |9 568933 | |
| 245 | 1 | 3 | |a El destino del universo: después del Big Bang |
| 300 | |a 159 p | ||
| 942 | |c BK | ||
| 945 | |d 20130530 00:00:00 |a dcastane | ||
| 260 | |a Barcelona |b Blume |c 2011 | ||
| 650 | 0 | |a Galaxias |9 322985 | |
| 650 | 0 | |a Universo |9 266563 | |
| 650 | 0 | |a Astronomía |9 260985 | |
| 583 | |a last modification |c 20130530 09:49:00 |k Rodrigo Vera | ||
| 490 | 0 | |a Descubrir la Ciencia y la Tecnología. Biblioteca Ilustrada, 4 | |
| 999 | |c 351944 |d 351942 | ||